(En)claves de la transición : una visión de los novísimos : prosa, poesía, ensayo /

Guardado en:
Detalles Bibliográficos
Autor principal: Bou, Enric (ed.)
Otros autores: Pittarello, Elide (edición) (edición)
Formato: Libro
Idioma:Español
Publicado: Madrid, España : Frankfurt, Alemania : Editorial Iberoamericana ; Vervuert, 2009, c2009
Colección:(La Casa de la Riqueza, Estudios de Cultura de España ; 5)
Temas:
Etiquetas: Agrega una etiqueta
Sin etiquetas, Sé el primero en etiquetar este registro!

MARC

LEADER 00000nam^a2200000^a^4500
001 000364155
005 20250521000000.0
009 20260310115608.894
020 |a 978-84-8489-472-8 
020 |a 978-3-86527-502-8 
037 |a Acervo Xavier Clavigero 
041 |a ESP 
082 |a 860. 94608  |b BOU 
100 |a Bou, Enric  |e (ed.) 
245 1 0 |a (En)claves de la transición :  |b una visión de los novísimos : prosa, poesía, ensayo /  |c Ed. de E. Bou, E. Pittarello. 
264 4 |a Madrid, España :  |b Editorial Iberoamericana ;  |a Frankfurt, Alemania :  |b Vervuert,  |c 2009, c2009 
300 |a 372 p. 
336 |a texto  |b txt  |2 rdacontenido 
337 |a sin mediación  |b n  |2 rdamedio 
338 |a volumen  |b nc  |2 rdasoporte 
440 3 |a (La Casa de la Riqueza, Estudios de Cultura de España ;  |v 5) 
649 |a XX 
650 |a Escritores Españoles 
650 |a Poesía Española -  |x Historia y Crítica 
650 |a Ensayos Españoles -  |x Historia y Crítica 
650 |a Prosa Literaria Española -  |x Historia y Crítica 
650 |a Literatura Española -  |x Historia y Crítica 
650 |a Literatura Española -  |y Siglo XX 
700 |a Pittarello, Elide  |e (edición) 
910 |a Fondo General 
920 |a Impresos - Libros 
930 |a Colección General 
940 |a Literatura 
905 |a 101 
901 |a 0500257629  |b IT1  |c LIT  |i FXC C1207  |u 20250521 
902 |a https://opac.biblio.iteso.mx/vufind/Record/000364155